Advanced Financial Accounting (M.Com-1) (Record no. 821398)

MARC details
000 -LEADER
fixed length control field 00617nam a2200217Ia 4500
008 - FIXED-LENGTH DATA ELEMENTS--GENERAL INFORMATION
fixed length control field 101110s9999 xx 000 0 und d
041 ## - LANGUAGE CODE
Language code of text/sound track or separate title MARATHI
082 ## - DEWEY DECIMAL CLASSIFICATION NUMBER
Item number SR28879
100 ## - MAIN ENTRY--PERSONAL NAME
Personal name Chopde, L.N. Choudhari, D.H..Mehta, Kishor Gandhi, M.A. andothers
245 ## - TITLE STATEMENT
Title Advanced Financial Accounting (M.Com-1)
260 ## - PUBLICATION, DISTRIBUTION, ETC. (IMPRINT)
Date of publication, distribution, etc 2006
Name of publisher, distributor, etc Sheth Pub. Pvt.Ltd, Mumbai
300 ## - PHYSICAL DESCRIPTION
Extent 762
365 ## - TRADE PRICE
Price amount 185
520 ## - SUMMARY, ETC.
Summary, etc Commerce
546 ## - LANGUAGE NOTE
Language note MARATHI
630 ## - SUBJECT ADDED ENTRY--UNIFORM TITLE
Uniform title Advanced Financial Accounting (M.Com-1)
650 ## - SUBJECT ADDED ENTRY--TOPICAL TERM
Topical term or geographic name as entry element Commerce
655 ## - INDEX TERM--GENRE/FORM
Genre/form data or focus term Commerce
730 ## - ADDED ENTRY--UNIFORM TITLE
Uniform title Advanced Financial Accounting (M.Com-1)
942 ## - ADDED ENTRY ELEMENTS (KOHA)
Koha item type Book
Holdings
Withdrawn status Lost status Damaged status Not for loan Home library Current library Shelving location Date acquired Source of acquisition Cost, normal purchase price Shelving control number Total Checkouts Barcode Date last seen Price effective from Koha item type
        D. B. J. College, Chiplun D. B. J. College, Chiplun     Shree Gajanan Book Depo, Chiplun 185.00     DBJSR28879 11/11/2010 11/11/2010 Book